000 00755cab a2200241 4500
001 X1003
008 090401t1993 xxu||||| |||| 00| 0 eng d
035 _a(Sirsi) u14077
041 _aeng
245 _aAppeal to the Court of Appeal
260 _c1993
350 _a0
490 _aEstates Gazette
_v(9338) 25 September 1993, 159(1)
520 _aLands Tribunal Practice Note No 1 of 1993 outlines grounds for appeal from the Lands Tribunal to the Court of Appeal under Lands Tribunal Act 1949 s3(4).
650 _aCOURT OF APPEAL
650 _aLANDS TRIBUNAL ACT 1949
650 _aLANDS TRIBUNAL
650 _aORDER 61 RULE 1 RULES OF THE SUPREME COURT
650 _aRIGHT OF APPEAL
690 _aLAW
942 _n0
948 _c04/03/1997
999 _c9127
_d9127